• Sacra Scrittura. Studi sul Nuovo Testamento

di Genre/Form Term

Records bibliografici associati: 1

001 - CONTROL NUMBER

  • control field: 57638

003 - CONTROL NUMBER IDENTIFIER

  • control field:

005 - DATE AND TIME OF LATEST TRANSACTION

  • control field: 20190321095835.0

008 - FIXED-LENGTH DATA ELEMENTS

  • fixed length control field: 190321|| aca||aabn | a|a d

040 ## - CATALOGING SOURCE

  • Original cataloging agency:
  • Transcribing agency:

155 ## - HEADING--GENRE/FORM TERM

  • Genre/form term: Sacra Scrittura. Studi sul Nuovo Testamento
  • General subdivision: Pietro. Studi e teologia

670 ## - SOURCE DATA FOUND

  • Source citation: Work cat.: (): Michael Goulder 1927-2010 autore 57635, Le due missioni /, 2006
CREDITS: SOCIETA' SAN PAOLO Via A.Severo, 58 - ROMA (RM) & PERIODICI SAN PAOLO SRL Via Giotto, 36 MILANO & CISF Via Giotto, 36 MILANO & EDIZIONI SAN PAOLO SRL,  Piazza Soncino, 5 CINISELLO BALSAMO (MI) -- ITALY